<?xml version="1.0" encoding="UTF-8"?>
<record
    xmlns:xsi="http://www.w3.org/2001/XMLSchema-instance"
    xsi:schemaLocation="http://www.loc.gov/MARC21/slim http://www.loc.gov/standards/marcxml/schema/MARC21slim.xsd"
    xmlns="http://www.loc.gov/MARC21/slim">

  <leader>05001namaa22004211i 4500</leader>
  <controlfield tag="003">OSt</controlfield>
  <controlfield tag="005">20260622110000.0</controlfield>
  <controlfield tag="008">250827s2025    ua a|||frm||| 000 0 eng d</controlfield>
  <datafield tag="040" ind1=" " ind2=" ">
    <subfield code="a">EG-GICUC</subfield>
    <subfield code="b">ara</subfield>
    <subfield code="c">EG-GICUC</subfield>
    <subfield code="d">EG-GICUC</subfield>
    <subfield code="e">rda</subfield>
  </datafield>
  <datafield tag="041" ind1="0" ind2=" ">
    <subfield code="a">ara</subfield>
    <subfield code="b">ara</subfield>
    <subfield code="b">eng</subfield>
  </datafield>
  <datafield tag="049" ind1=" " ind2=" ">
    <subfield code="a">&#x625;&#x64A;&#x62F;&#x627;&#x639;</subfield>
  </datafield>
  <datafield tag="082" ind1="0" ind2="4">
    <subfield code="a">373.246</subfield>
  </datafield>
  <datafield tag="092" ind1=" " ind2=" ">
    <subfield code="a">373.246</subfield>
    <subfield code="2">21</subfield>
  </datafield>
  <datafield tag="097" ind1=" " ind2=" ">
    <subfield code="a">&#x62F;&#x643;&#x62A;&#x648;&#x631;&#x627;&#x647;&#x200E;</subfield>
  </datafield>
  <datafield tag="099" ind1=" " ind2=" ">
    <subfield code="a">Cai01.23.01.Ph.D.2025.&#x625;&#x64A;.&#x628;</subfield>
  </datafield>
  <datafield tag="100" ind1="0" ind2=" ">
    <subfield code="a">&#x60C;&#x625;&#x64A;&#x645;&#x627;&#x646; &#x645;&#x62D;&#x645;&#x648;&#x62F; &#x639;&#x648;&#x636; &#x633;&#x644;&#x64A;&#x645;&#x627;&#x646;</subfield>
    <subfield code="e">&#x625;&#x639;&#x62F;&#x627;&#x62F;.</subfield>
  </datafield>
  <datafield tag="245" ind1="1" ind2="0">
    <subfield code="a">&#x628;&#x631;&#x646;&#x627;&#x645;&#x62C; &#x625;&#x62B;&#x631;&#x627;&#x626;&#x64A; &#x642;&#x627;&#x626;&#x645; &#x639;&#x644;&#x649; &#x646;&#x638;&#x631;&#x64A;&#x629; &#x645;&#x639;&#x627;&#x644;&#x62C;&#x629; &#x627;&#x644;&#x645;&#x639;&#x644;&#x648;&#x645;&#x627;&#x62A; &#x644;&#x62A;&#x646;&#x645;&#x64A;&#x629; &#x645;&#x647;&#x627;&#x631;&#x627;&#x62A; &#x627;&#x644;&#x62A;&#x641;&#x643;&#x64A;&#x631; &#x627;&#x644;&#x62A;&#x62D;&#x644;&#x64A;&#x644;&#x64A; &#x641;&#x64A; &#x645;&#x62D;&#x627;&#x633;&#x628;&#x629; &#x627;&#x644;&#x62A;&#x643;&#x627;&#x644;&#x64A;&#x641; &#x644;&#x637;&#x644;&#x627;&#x628; &#x627;&#x644;&#x62A;&#x639;&#x644;&#x64A;&#x645; &#x627;&#x644;&#x62B;&#x627;&#x646;&#x648;&#x64A; &#x627;&#x644;&#x62A;&#x62C;&#x627;&#x631;&#x64A; /</subfield>
    <subfield code="c">&#x625;&#x639;&#x62F;&#x627;&#x62F; &#x625;&#x64A;&#x645;&#x627;&#x646; &#x645;&#x62D;&#x645;&#x648;&#x62F; &#x639;&#x648;&#x636; &#x633;&#x644;&#x64A;&#x645;&#x627;&#x646;&#x61B; &#x625;&#x634;&#x631;&#x627;&#x641; &#x623;.&#x62F;/&#x623;&#x634;&#x631;&#x641; &#x628;&#x647;&#x62C;&#x627;&#x62A; &#x639;&#x628;&#x62F; &#x627;&#x644;&#x642;&#x648;&#x649;&#x60C; &#x62F;.&#x647;&#x627;&#x646;&#x645; &#x645;&#x62D;&#x645;&#x62F; &#x647;&#x627;&#x634;&#x645;.                                                             </subfield>
  </datafield>
  <datafield tag="246" ind1="1" ind2="5">
    <subfield code="a">An enrichment program based on information processing theory to develop analytical thinking skills in cost accounting for commercial secondary education students /</subfield>
  </datafield>
  <datafield tag="264" ind1=" " ind2="0">
    <subfield code="c">2025.</subfield>
  </datafield>
  <datafield tag="300" ind1=" " ind2=" ">
    <subfield code="a">350  &#x635;&#x641;&#x62D;&#x629; :</subfield>
    <subfield code="b">&#x625;&#x64A;&#x636;&#x627;&#x62D;&#x64A;&#x627;&#x62A; &#x61B; </subfield>
    <subfield code="c">25 &#x633;&#x645;. + </subfield>
    <subfield code="e">CD.</subfield>
  </datafield>
  <datafield tag="336" ind1=" " ind2=" ">
    <subfield code="a">text</subfield>
    <subfield code="2">rda content</subfield>
  </datafield>
  <datafield tag="337" ind1=" " ind2=" ">
    <subfield code="a">Unmediated</subfield>
    <subfield code="2">rdamedia</subfield>
  </datafield>
  <datafield tag="338" ind1=" " ind2=" ">
    <subfield code="a">volume</subfield>
    <subfield code="2">rdacarrier</subfield>
  </datafield>
  <datafield tag="502" ind1=" " ind2=" ">
    <subfield code="a">&#x623;&#x637;&#x631;&#x648;&#x62D;&#x629; (&#x62F;&#x643;&#x62A;&#x648;&#x631;&#x627;&#x647;)-&#x62C;&#x627;&#x645;&#x639;&#x629; &#x627;&#x644;&#x642;&#x627;&#x647;&#x631;&#x629;&#x60C; 2025.  </subfield>
  </datafield>
  <datafield tag="504" ind1=" " ind2=" ">
    <subfield code="a">&#x628;&#x628;&#x644;&#x64A;&#x648;&#x62C;&#x631;&#x627;&#x641;&#x64A;&#x627;: &#x635;&#x641;&#x62D;&#x627;&#x62A; 126-135.</subfield>
  </datafield>
  <datafield tag="520" ind1=" " ind2=" ">
    <subfield code="a">&#x647;&#x62F;&#x641; &#x627;&#x644;&#x628;&#x62D;&#x62B; &#x625;&#x644;&#x649; &#x62A;&#x646;&#x645;&#x64A;&#x629; &#x645;&#x647;&#x627;&#x631;&#x627;&#x62A; &#x627;&#x644;&#x62A;&#x641;&#x643;&#x64A;&#x631; &#x627;&#x644;&#x62A;&#x62D;&#x644;&#x64A;&#x644;&#x64A; &#x644;&#x62F;&#x649; &#x637;&#x644;&#x627;&#x628; &#x627;&#x644;&#x62A;&#x639;&#x644;&#x64A;&#x645; &#x627;&#x644;&#x62B;&#x627;&#x646;&#x648;&#x649; &#x627;&#x644;&#x62A;&#x62C;&#x627;&#x631;&#x649; &#x641;&#x64A; &#x645;&#x627;&#x62F;&#x629; &#x645;&#x62D;&#x627;&#x633;&#x628;&#x629; &#x627;&#x644;&#x62A;&#x643;&#x627;&#x644;&#x64A;&#x641;&#x60C; &#x648;&#x630;&#x644;&#x643; &#x645;&#x646; &#x62E;&#x644;&#x627;&#x644; &#x625;&#x639;&#x62F;&#x627;&#x62F; &#x628;&#x631;&#x646;&#x627;&#x645;&#x62C; &#x625;&#x62B;&#x631;&#x627;&#x626;&#x64A; &#x642;&#x627;&#x626;&#x645; &#x639;&#x644;&#x649; &#x646;&#x638;&#x631;&#x64A;&#x629; &#x645;&#x639;&#x627;&#x644;&#x62C;&#x629; &#x627;&#x644;&#x645;&#x639;&#x644;&#x648;&#x645;&#x627;&#x62A;&#x60C; &#x648;&#x627;&#x634;&#x62A;&#x645;&#x644;&#x62A; &#x639;&#x64A;&#x646;&#x629; &#x627;&#x644;&#x628;&#x62D;&#x62B; &#x639;&#x644;&#x649;(35) &#x637;&#x627;&#x644;&#x628; &#x645;&#x646; &#x637;&#x644;&#x627;&#x628; &#x627;&#x644;&#x635;&#x641; &#x627;&#x644;&#x631;&#x627;&#x628;&#x639; &#x627;&#x644;&#x62B;&#x627;&#x646;&#x648;&#x649; &#x627;&#x644;&#x62A;&#x62C;&#x627;&#x631;&#x649; &#x628;&#x625;&#x62D;&#x62F;&#x649; &#x627;&#x644;&#x645;&#x62F;&#x631;&#x627;&#x633; &#x627;&#x644;&#x641;&#x646;&#x64A;&#x629; &#x627;&#x644;&#x645;&#x62A;&#x642;&#x62F;&#x645;&#x629; &#x627;&#x644;&#x62A;&#x62C;&#x627;&#x631;&#x64A;&#x629; (&#x646;&#x638;&#x627;&#x645; &#x627;&#x644;&#x62E;&#x645;&#x633; &#x633;&#x646;&#x648;&#x627;&#x62A;) &#x628;&#x645;&#x62D;&#x627;&#x641;&#x638;&#x629; &#x627;&#x644;&#x62C;&#x64A;&#x632;&#x629;&#x60C; &#x648;&#x627;&#x633;&#x62A;&#x62E;&#x62F;&#x645; &#x627;&#x644;&#x62A;&#x635;&#x645;&#x64A;&#x645; &#x634;&#x628;&#x647; &#x627;&#x644;&#x62A;&#x62C;&#x631;&#x64A;&#x628;&#x649; &#x630;&#x648; &#x627;&#x644;&#x645;&#x62C;&#x645;&#x648;&#x639;&#x629; &#x627;&#x644;&#x648;&#x627;&#x62D;&#x62F;&#x629;&#x60C; &#x648;&#x62A;&#x645;&#x62B;&#x644;&#x62A; &#x627;&#x644;&#x623;&#x62F;&#x648;&#x627;&#x62A; &#x641;&#x649; &#x645;&#x642;&#x64A;&#x627;&#x633; &#x645;&#x647;&#x627;&#x631;&#x627;&#x62A; &#x627;&#x644;&#x62A;&#x641;&#x643;&#x64A;&#x631; &#x627;&#x644;&#x62A;&#x62D;&#x644;&#x64A;&#x644;&#x64A;&#x60C; &#x648;&#x623;&#x638;&#x647;&#x631;&#x62A; &#x646;&#x62A;&#x627;&#x626;&#x62C; &#x627;&#x644;&#x628;&#x62D;&#x62B; &#x641;&#x627;&#x639;&#x644;&#x64A;&#x629; &#x627;&#x644;&#x628;&#x631;&#x646;&#x627;&#x645;&#x62C; &#x641;&#x64A; &#x62A;&#x646;&#x645;&#x64A;&#x629; &#x645;&#x647;&#x627;&#x631;&#x627;&#x62A; &#x627;&#x644;&#x62A;&#x641;&#x643;&#x64A;&#x631; &#x627;&#x644;&#x62A;&#x62D;&#x644;&#x64A;&#x644;&#x64A; &#x644;&#x62F;&#x649; &#x627;&#x644;&#x637;&#x644;&#x627;&#x628;&#x60C; &#x648;&#x641;&#x649; &#x636;&#x648;&#x621; &#x645;&#x627; &#x623;&#x633;&#x641;&#x631;&#x62A; &#x639;&#x646;&#x647; &#x627;&#x644;&#x646;&#x62A;&#x627;&#x626;&#x62C; &#x642;&#x62F;&#x645; &#x627;&#x644;&#x628;&#x62D;&#x62B; &#x645;&#x62C;&#x645;&#x648;&#x639;&#x629; &#x645;&#x646; &#x627;&#x644;&#x62A;&#x648;&#x635;&#x64A;&#x627;&#x62A; &#x645;&#x646; &#x623;&#x628;&#x631;&#x632;&#x647;&#x627; &#x636;&#x631;&#x648;&#x631;&#x629; &#x62A;&#x62F;&#x631;&#x64A;&#x628; &#x627;&#x644;&#x645;&#x639;&#x644;&#x645;&#x64A;&#x646; &#x639;&#x644;&#x649; &#x627;&#x644;&#x62A;&#x62F;&#x631;&#x64A;&#x633; &#x628;&#x627;&#x633;&#x62A;&#x62E;&#x62F;&#x627;&#x645; &#x646;&#x645;&#x627;&#x630;&#x62C; &#x648;&#x627;&#x633;&#x62A;&#x631;&#x627;&#x62A;&#x64A;&#x62C;&#x64A;&#x627;&#x62A; &#x646;&#x638;&#x631;&#x64A;&#x629; &#x645;&#x639;&#x627;&#x644;&#x62C;&#x629; &#x627;&#x644;&#x645;&#x639;&#x644;&#x648;&#x645;&#x627;&#x62A;&#x60C; &#x648;&#x625;&#x639;&#x62F;&#x627;&#x62F; &#x62F;&#x644;&#x64A;&#x644; &#x645;&#x62A;&#x643;&#x627;&#x645;&#x644; &#x644;&#x645;&#x639;&#x644;&#x645;&#x649; &#x627;&#x644;&#x645;&#x648;&#x627;&#x62F; &#x627;&#x644;&#x62A;&#x62C;&#x627;&#x631;&#x64A;&#x629; &#x644;&#x644;&#x625;&#x633;&#x62A;&#x631;&#x634;&#x627;&#x62F; &#x628;&#x647; &#x641;&#x649; &#x62A;&#x646;&#x645;&#x64A;&#x629; &#x627;&#x644;&#x645;&#x647;&#x627;&#x631;&#x627;&#x62A; &#x627;&#x644;&#x645;&#x62A;&#x637;&#x644;&#x628;&#x629; &#x641;&#x64A; &#x627;&#x644;&#x645;&#x648;&#x627;&#x62F; &#x627;&#x644;&#x62A;&#x62C;&#x627;&#x631;&#x64A;&#x629; &#x628;&#x645;&#x62E;&#x62A;&#x644;&#x641; &#x641;&#x631;&#x648;&#x639;&#x647;&#x627;.</subfield>
  </datafield>
  <datafield tag="520" ind1=" " ind2=" ">
    <subfield code="a">The study aimed to design a proposed enrichment program based on Information Processing Theory and to evaluate its effectiveness in developing analytical thinking skills among commercial secondary school students in cost accounting. The research sample included 35 fourth-year students from an advanced technical commercial school (five-year system) in Giza Governorate. The study employed the experimental design with one group to measure the effectiveness of the program. Research tools included an analytical thinking skills test. The results showed the program's effectiveness in enhancing analytical thinking skills among the students in the research group. Based on the findings, the study offered several recommendations, most notably the need for teacher training on using models and strategies from Information Processing Theory, and the development of a comprehensive guide for commercial subject teachers to assist in cultivating various skills.                          </subfield>
  </datafield>
  <datafield tag="530" ind1=" " ind2=" ">
    <subfield code="a">&#x635;&#x62F;&#x631; &#x623;&#x64A;&#x636;&#x64B;&#x627; &#x643;&#x642;&#x631;&#x635; &#x645;&#x62F;&#x645;&#x62C;.</subfield>
  </datafield>
  <datafield tag="546" ind1=" " ind2=" ">
    <subfield code="a">&#x627;&#x644;&#x646;&#x635; &#x628;&#x627;&#x644;&#x639;&#x631;&#x628;&#x64A;&#x629; &#x648;&#x627;&#x644;&#x645;&#x644;&#x62E;&#x635; &#x628;&#x627;&#x644;&#x644;&#x63A;&#x629; &#x627;&#x644;&#x625;&#x646;&#x62C;&#x644;&#x64A;&#x632;&#x64A;&#x629; &#x648;&#x627;&#x644;&#x639;&#x631;&#x628;&#x64A;&#x629;.</subfield>
  </datafield>
  <datafield tag="650" ind1=" " ind2="7">
    <subfield code="a">&#x627;&#x644;&#x645;&#x62F;&#x627;&#x631;&#x633; &#x627;&#x644;&#x645;&#x647;&#x646;&#x64A;&#x629;</subfield>
    <subfield code="2">qrmak</subfield>
  </datafield>
  <datafield tag="653" ind1=" " ind2="0">
    <subfield code="a">&#x646;&#x638;&#x631;&#x64A;&#x629; &#x645;&#x639;&#x627;&#x644;&#x62C;&#x629; &#x627;&#x644;&#x645;&#x639;&#x644;&#x648;&#x645;&#x627;&#x62A; </subfield>
    <subfield code="a">&#x645;&#x62D;&#x627;&#x633;&#x628;&#x629; &#x627;&#x644;&#x62A;&#x643;&#x627;&#x644;&#x64A;&#x641;</subfield>
    <subfield code="a">&#x645;&#x647;&#x627;&#x631;&#x627;&#x62A; &#x627;&#x644;&#x62A;&#x641;&#x643;&#x64A;&#x631; &#x627;&#x644;&#x62A;&#x62D;&#x644;&#x64A;&#x644;&#x64A;</subfield>
  </datafield>
  <datafield tag="700" ind1="0" ind2=" ">
    <subfield code="a">&#x623;&#x634;&#x631;&#x641; &#x628;&#x647;&#x62C;&#x627;&#x62A; &#x639;&#x628;&#x62F; &#x627;&#x644;&#x642;&#x648;&#x649;                                        </subfield>
    <subfield code="e">&#x645;&#x634;&#x631;&#x641; &#x623;&#x637;&#x631;&#x648;&#x62D;&#x629;.</subfield>
  </datafield>
  <datafield tag="700" ind1="0" ind2=" ">
    <subfield code="a">&#x647;&#x627;&#x646;&#x645; &#x645;&#x62D;&#x645;&#x62F; &#x647;&#x627;&#x634;&#x645;    </subfield>
    <subfield code="e">&#x645;&#x634;&#x631;&#x641; &#x623;&#x637;&#x631;&#x648;&#x62D;&#x629;.</subfield>
  </datafield>
  <datafield tag="900" ind1=" " ind2=" ">
    <subfield code="b">17-04-2025</subfield>
    <subfield code="c">&#x623;&#x634;&#x631;&#x641; &#x628;&#x647;&#x62C;&#x627;&#x62A; &#x639;&#x628;&#x62F; &#x627;&#x644;&#x642;&#x648;&#x649;                                        </subfield>
    <subfield code="c">&#x647;&#x627;&#x646;&#x645; &#x645;&#x62D;&#x645;&#x62F; &#x647;&#x627;&#x634;&#x645;                                                             </subfield>
    <subfield code="d">&#x648;&#x641;&#x627;&#x621; &#x645;&#x635;&#x637;&#x641;&#x649; &#x643;&#x641;&#x627;&#x641;&#x649;                                                       </subfield>
    <subfield code="d">&#x645;&#x646;&#x627;&#x644; &#x645;&#x62D;&#x645;&#x648;&#x62F; &#x62E;&#x64A;&#x631;&#x64A;                                                      </subfield>
    <subfield code="U">&#x62C;&#x627;&#x645;&#x639;&#x629; &#x627;&#x644;&#x642;&#x627;&#x647;&#x631;&#x629; </subfield>
    <subfield code="F">&#x643;&#x644;&#x64A;&#x629; &#x627;&#x644;&#x62F;&#x631;&#x627;&#x633;&#x627;&#x62A; &#x627;&#x644;&#x639;&#x644;&#x64A;&#x627; &#x644;&#x644;&#x62A;&#x631;&#x628;&#x64A;&#x629;</subfield>
    <subfield code="D">&#x642;&#x633;&#x645; &#x627;&#x644;&#x645;&#x646;&#x627;&#x647;&#x62C; &#x648;&#x637;&#x631;&#x642; &#x627;&#x644;&#x62A;&#x62F;&#x631;&#x64A;&#x633;</subfield>
  </datafield>
  <datafield tag="905" ind1=" " ind2=" ">
    <subfield code="a">Sara</subfield>
  </datafield>
  <datafield tag="942" ind1=" " ind2=" ">
    <subfield code="2">ddc</subfield>
    <subfield code="c">TH</subfield>
    <subfield code="e">21</subfield>
    <subfield code="n">0</subfield>
  </datafield>
  <datafield tag="999" ind1=" " ind2=" ">
    <subfield code="c">180588</subfield>
  </datafield>
  <datafield tag="952" ind1=" " ind2=" ">
    <subfield code="2">ddc</subfield>
    <subfield code="9">319317</subfield>
    <subfield code="a">CUCL</subfield>
    <subfield code="b">cl210</subfield>
    <subfield code="d">2026-06-22</subfield>
    <subfield code="i">33262</subfield>
    <subfield code="o">Cai01.23.01.Ph.D.2025.&#x625;&#x64A;.&#x628;</subfield>
    <subfield code="p">01010100033262000</subfield>
    <subfield code="r">2026-06-22 10:01:06</subfield>
    <subfield code="w">2026-06-22</subfield>
    <subfield code="y">TH</subfield>
  </datafield>
</record>
